| 000 | 00944nam a2200241 a 4500 | ||
|---|---|---|---|
| 001 | 40591 | ||
| 003 | BD-RjUL | ||
| 005 | 20211209053239.0 | ||
| 008 | 160504s2001 bg ||||| b||| 00| 0 ben d | ||
| 020 | _c:TK.150.00 | ||
| 035 | _a(BD-RjUL)40706 | ||
| 040 |
_aBD-RjUL _bben _cBD-RjUL |
||
| 041 | _aben | ||
| 082 |
_223 _a297 _bHOM 2001 |
||
| 100 |
_aহোসেন, মোহাম্মদ বেলাল _9124918 |
||
| 245 | 1 | 0 |
_aমুফাসসির পরিচিতি ও তাফসীর পর্যালোচনা / _cমোহাম্মদ বেলাল হোসেন |
| 260 |
_aরাজশাহী : _bসেন্টার ফর ইসলামিক রিসার্চ, _c২০০১ |
||
| 300 |
_a[৮], ২৪৮ পৃ. ; _c২২ সেমি. |
||
| 504 | _aগ্রন্থপঞ্জি সংযুক্ত | ||
| 650 |
_aইসলাম _9124919 |
||
| 650 |
_aIslam _9124920 |
||
| 942 |
_2ddc _cBK |
||
| 999 |
_c40591 _d40591 |
||